[Event "Subcarpathian-chT"]
[Site "Bystre"]
[Date "2021.06.10"]
[Round "2.24"]
[White "Polak, Sylwia"]
[Black "Fic, Joanna"]
[Result "1-0"]
[WhiteElo "1649"]
[BlackElo "1004"]
[PlyCount "75"]
[EventDate "2021.06.09"]
[EventType "team-tourn"]
[EventRounds "9"]
[EventCountry "POL"]
[SourceTitle "EXT 2022"]
[Source "ChessBase"]
[SourceDate "2021.10.06"]
[SourceVersion "1"]
[SourceVersionDate "2021.10.06"]
[SourceQuality "1"]

1. d4 Nf6 2. c4 d5 3. cxd5 Nxd5 4. e4 Nf6 5. Nc3 Nbd7 6. e5 Ng8 7. f4 e6 8. Nf3 Bb4 9. Qb3 c5 10. dxc5 Bxc5 11. Ne4 Ne7 12. Bb5 Bb6 13. Nd6+ Kf8 14. Ng5 Ba5+ 15. Kf1 Qc7 16. Nxe6+ fxe6 17. Qxe6 Nxe5 18. Qxe5 Qc2 19. Be3 Bd2 20. Bd4 Rg8 21. Bc4 b6 22. Bxg8 Ba6+ 23. Kg1 Qg6 24. Bc4 Bxc4 25. Nxc4 Bb4 26. f5 Nxf5 27. Rf1 Re8 28. Qxf5+ Qxf5 29. Rxf5+ Kg8 30. Kf2 g6 31. Re5 Rf8+ 32. Ke2 Rd8 33. Bc3 Bxc3 34. bxc3 Rc8 35. Nd6 Rxc3 36. Rd1 Rc2+ 37. Rd2 Rxd2+ 38. Kxd2 1-0